| 000 | 01153cam a2200157 4500500 | ||
|---|---|---|---|
| 005 | 20260111102012.0 | ||
| 041 | _afre | ||
| 042 | _adc | ||
| 100 | 1 | 0 |
_aRoudil, Nadine _eauthor |
| 245 | 0 | 0 | _aNormaliser les conduites des mineurs délinquants en CER : faire face à l'incivilité au quotidien |
| 260 | _c2005. | ||
| 500 | _a94 | ||
| 520 | _aRésumé L’auteur pose la question de la réponse qu’apporte les cer à la déviance des jeu-nes mineurs délinquants multirécidivistes. Pour une institution comme le cer, la prise en charge des mineurs délinquants consiste à trouver une solution éducative aux comportements déviants et violents des adolescents qui y sont placés. Il s’agit également de valoriser de manière durable un cadre de références symbolisant les valeurs morales dominantes. Il est intéressant de questionner le travail difficile qui y est accompli par les éducateurs et d’essayer de déterminer sur quelles références morales il se fonde. | ||
| 786 | 0 | _nEmpan | 59 | 3 | 2005-09-01 | p. 138-143 | 1152-3336 | |
| 856 | 4 | 1 | _uhttps://shs.cairn.info/revue-empan-2005-3-page-138?lang=fr&redirect-ssocas=7080 |
| 999 |
_c1629781 _d1629781 |
||